000 00360 a2200133 4500
001 85385
020 _a9781597842136
082 _a297.4 GUL
090 _c40112
_d40111
100 _aM. Fethullah Gulen
245 _aEmerald Hills of the Heart : Key Concepts in the Practice of Sufism Vol-4
260 _aNew Jersy
_bTughra Books
_c2011
300 _axiv 201
942 _acae nust
_k297.4 GUL
999 _c320458
_d320458